|
|
|
|
| LEADER |
00000nab#a22000007a#4500 |
| 001 |
arbauad037647 |
| 003 |
AR-BaUAD |
| 005 |
20250711112946.0 |
| 008 |
990628|||||||||###||||||b###|0###a|spa|| |
| 040 |
|
|
|a AR-BaUAD
|c AR-BaUAD
|b spa
|
| 100 |
|
|
|a Bocchino, Raffaella
|
| 245 |
|
|
|a Secondo tradizione /
|c Raffaella Bocchino;
|
| 300 |
0 |
|
|b fot., plantas, cortes
|
| 500 |
|
|
|a Descripción de la villa Camaioli.
|
| 653 |
|
|
|a VIVIENDAS UNIFAMILIARES
|
| 653 |
|
|
|a SIGLO XVIII
|
| 653 |
|
|
|a ARQUITECTURA GOTICA
|
| 653 |
|
|
|a REFUNCIONALIZACION ARQUITECTONICA
|
| 653 |
|
|
|a ITALIA
|
| 653 |
|
|
|a ZAPPATERRA, GIULIO
|
| 653 |
|
|
|a ARVEDA, PAOLO
|
| 773 |
0 |
|
|t VILLE GIARDINI
|g no. 330 [nov. 1997], p. 24-27
|
| 942 |
|
|
|c ARTI
|
| 952 |
|
|
|0 0
|1 0
|4 0
|7 0
|9 82566
|a AR-BAuAD
|b AR-BAuAD
|d 2025-07-11
|l 0
|p AAQA037647
|r 2025-07-11 11:29:46
|w 2025-07-11
|y ARTI
|
| 990 |
|
|
|a AQ199
|b TD
|
| 998 |
|
|
|a AAQ
|b BIBUN76
|
| 999 |
|
|
|c 62239
|d 62239
|